000 01144nas a2200349 4500
001 BR2021000186
003 BR-BrBNA
005 20231205132128.0
007 ta
008 230509b bl.|||p| |||| 00| 00por d
040 _aBR-BrBNA
_bpor
_cBiblioteca Nacional de Agricultura
041 _a(Pt)
072 _aU10; K10
100 1 _aFernandes, A.M.V.
100 1 _aGama, J.R.V.
100 1 _aRode, R.
100 1 _aMelo, L. de O.
245 1 _aEquações volumétricas para Carapa guianensis Aubl. E Swietenia macrophylla King em sistema silvipastoril na Amazônia
650 _aVOLUME
650 _aANDIROBA
650 _aCARAPA GUIANENSIS
650 _aMOGNO
650 _aSWIETENIA MACROPHYLLA
650 _aPLANTIO
650 _aFLORESTA
650 _aENGENHARIA FLORESTAL
773 0 _tNativa. Pesquisas Agrárias e Ambientais (Brazil)
_xISSN 2318-7670
_g(Jan-Feb 2017), v. 5(1) p. 73-77
_wBR2021000186
856 4 0 _uhttps://periodicoscientificos.ufmt.br/ojs/index.php/nativa/article/view/4069/pdf_1
856 4 0 _dLink DSPACE/MAPA BR2021000186
909 _a202311
_bLúcia
_c55
_dLúcia Elande
942 _2AGRIS
_n0
_cANA
999 _c258626
_d258626